[Event "VIE-ch U11 Girls"]
[Site "Ho Chi Minh City"]
[Date "2022.07.16"]
[Round "8"]
[White "Le, Tran Bao Quyen"]
[Black "Do, Ngoc Thien Phuc"]
[Result "0-1"]
[WhiteElo "2160"]
[BlackElo "2152"]
[PlyCount "80"]
[EventDate "2022.07.11"]
[EventType "swiss"]
[EventRounds "9"]
[EventCountry "VIE"]
[SourceTitle "EXT 2023"]
[Source "ChessBase"]
[SourceDate "2022.10.05"]
[SourceVersion "1"]
[SourceVersionDate "2022.10.05"]
[SourceQuality "1"]

1. e4 c5 2. Nf3 d6 3. d4 cxd4 4. Nxd4 Nf6 5. Nc3 a6 6. Bc4 e5 7. Nf3 Be7 8. 0-0 0-0 9. h3 Nc6 10. Be3 b5 11. Bd5 Bb7 12. a3 Rb8 13. b4 Nxd5 14. exd5 Nd4 15. Nxd4 exd4 16. Bxd4 Bf6 17. Re1 Bxd4 18. Qxd4 f5 19. Rad1 Rf6 20. Re6 Rf7 21. Ne2 Bc8 22. Re3 Bd7 23. Nf4 Rf6 24. Rde1 Qf8 25. Qa7 Rd8 26. Ne6 Bxe6 27. Rxe6 Ra8 28. Qe7 Rc8 29. Qxd6 Qxd6 30. Rxd6 Rxd6 31. Re5 Rxc2 32. Rxf5 Rd2 33. Re5 R6xd5 34. Re6 Rd6 35. Re5 Ra2 36. Re3 Ra1+ 37. Kh2 Rf1 38. Kg3 Rg6+ 39. Kf4 Rxf2+ 40. Ke5 Rgxg2 0-1

[Event "VIE-ch U11 Girls"]
[Site "Ho Chi Minh City"]
[Date "2022.07.12"]
[Round "2"]
[White "Le, Tran Bao Quyen"]
[Black "Dao, Nhat Minh"]
[Result "0-1"]
[WhiteElo "2160"]
[BlackElo "2159"]
[PlyCount "52"]
[EventDate "2022.07.11"]
[EventType "swiss"]
[EventRounds "9"]
[EventCountry "VIE"]
[SourceTitle "EXT 2023"]
[Source "ChessBase"]
[SourceDate "2022.10.05"]
[SourceVersion "1"]
[SourceVersionDate "2022.10.05"]
[SourceQuality "1"]

1. e4 e6 2. d4 d5 3. exd5 exd5 4. Nf3 Nf6 5. Bf4 Bb4+ 6. c3 Be7 7. Be2 Nbd7 8. Nbd2 b6 9. 0-0 0-0 10. Re1 Bb7 11. Bd3 c5 12. Rc1 cxd4 13. cxd4 Bb4 14. a3 Bxd2 15. Qxd2 a5 16. Ne5 Rc8 17. Nxd7 Qxd7 18. Be5 Ne4 19. Bxe4 dxe4 20. Qg5 f6 21. Qg3 fxe5 22. Qxe5 Qf7 23. b4 Rxc1 24. Rxc1 Qxf2+ 25. Kh1 Qf1+ 26. Rxf1 Rxf1# 0-1

[Event "VIE-ch U11 Girls"]
[Site "Hanoi"]
[Date "2022.06.13"]
[Round "3"]
[White "Le, Tran Bao Quyen"]
[Black "Duong, Nguyen Ha Phuong"]
[Result "1/2-1/2"]
[WhiteElo "2163"]
[BlackElo "2164"]
[PlyCount "90"]
[EventDate "2022.06.11"]
[EventType "swiss"]
[EventRounds "7"]
[EventCountry "VIE"]
[SourceTitle "EXT 2023"]
[Source "ChessBase"]
[SourceDate "2022.10.05"]
[SourceVersion "1"]
[SourceVersionDate "2022.10.05"]
[SourceQuality "1"]

1. e4 c5 2. Nf3 Nc6 3. d4 cxd4 4. Nxd4 e5 5. Nb5 d6 6. N1c3 a6 7. Na3 b5 8. Nd5 Be7 9. Be2 Nf6 10. Nxf6+ Bxf6 11. 0-0 0-0 12. c3 Be6 13. Bg4 Qd7 14. Bxe6 Qxe6 15. Be3 Rad8 16. Qf3 d5 17. Rad1 d4 18. cxd4 exd4 19. Bf4 Qxa2 20. Rd2 Qe6 21. Nc2 Be5 22. Rfd1 Rd6 23. Bxe5 Nxe5 24. Qf5 Qxf5 25. exf5 Rfd8 26. Rxd4 Rxd4 27. Rxd4 Rxd4 28. Nxd4 b4 29. b3 a5 30. Kf1 Kf8 31. Ke2 Ke7 32. f4 Nd7 33. Nc6+ Kd6 34. Nxa5 Kc5 35. Nb7+ Kd4 36. Kd2 Ke4 37. g3 Kxf5 38. Ke2 Ke4 39. Nd6+ Kd4 40. Kd2 f6 41. Nf5+ Ke4 42. Nxg7 Nc5 43. Kc2 Kf3 44. Nh5 f5 45. Ng7 Ke4 1/2-1/2